| 000 | 00458nam a2200181Ia 4500 | ||
|---|---|---|---|
| 001 | 1295 | ||
| 005 | 20260306143718.0 | ||
| 008 | 260306t2012||||xx |||||||||||||| ||spa|| | ||
| 041 | _aESP | ||
| 082 |
_a193 _bH36A |
||
| 100 |
_aCapelle-Dumont, Philippe _eAUT |
||
| 245 | 0 | _aFilosofía y teología en el pensamiento de Martin Heidegger | |
| 260 | _c2012 | ||
| 300 |
_a332 páginas : _c21 cm. |
||
| 650 | _aGEN | ||
| 654 | _aCHU | ||
| 942 |
_cLIB _dJUS _fJUS _2ddc _n |
||
| 999 |
_c1295 _d1295 |
||